[Event "BRA-ch 90th"]
[Site "Natal"]
[Date "2024.12.21"]
[Round "11"]
[White "Da Silva, Giovanni B Tavares"]
[Black "Macedo, Maximo Valerio"]
[Result "1-0"]
[WhiteElo "2095"]
[BlackElo "1937"]
[PlyCount "81"]
[EventDate "2024.12.13"]
[EventType "swiss"]
[EventRounds "11"]
[EventCountry "BRA"]
[SourceTitle "CB52_2024"]
[SourceDate "2024.12.25"]
[SourceVersion "1"]
[SourceVersionDate "2024.12.25"]
[SourceQuality "1"]

1. e4 Nf6 2. e5 Nd5 3. d4 d6 4. c4 Nb6 5. f4 g6 6. Nc3 Bg7 7. Be3 0-0 8. Nf3 c6 9. Be2 Bg4 10. 0-0 d5 11. c5 Nc8 12. b4 e6 13. a4 h5 14. b5 Ne7 15. a5 Nf5 16. Bf2 Bh6 17. g3 h4 18. a6 bxa6 19. bxc6 Nxc6 20. Rxa6 Nb8 21. Ra2 a5 22. Nb5 Nc6 23. Nd6 hxg3 24. hxg3 Qc7 25. Nxf5 Bxf5 26. Nh4 Be4 27. Bf3 Nb4 28. Ra1 Bd3 29. Re1 Bb5 30. Qd2 Rfb8 31. Reb1 Nc6 32. Qc2 g5 33. fxg5 Bxg5 34. Bh5 Nb4 35. Qd1 Bxh4 36. Qg4+ Kf8 37. Qxh4 Bd3 38. Be3 Bxb1 39. Rxb1 Nc2 40. Bh6+ Ke8 41. Rf1 1-0

[Event "BRA-ch 90th"]
[Site "Natal"]
[Date "2024.12.20"]
[Round "10"]
[White "Macedo, Maximo Valerio"]
[Black "Rocha, Vitor Firmo de Souz"]
[Result "1/2-1/2"]
[WhiteElo "1937"]
[BlackElo "2150"]
[PlyCount "44"]
[EventDate "2024.12.13"]
[EventType "swiss"]
[EventRounds "11"]
[EventCountry "BRA"]
[SourceTitle "CB52_2024"]
[SourceDate "2024.12.25"]
[SourceVersion "1"]
[SourceVersionDate "2024.12.25"]
[SourceQuality "1"]

1. e4 c5 2. Nf3 e6 3. d3 Nc6 4. Nbd2 d5 5. g3 Nf6 6. Bg2 g6 7. 0-0 Bg7 8. c3 0-0 9. e5 Ng4 10. d4 cxd4 11. cxd4 f6 12. exf6 Qxf6 13. Nb3 a5 14. Bg5 Qf7 15. a4 b6 16. Bf4 Ba6 17. Re1 h6 18. Bh3 Nxf2 19. Kxf2 e5 20. dxe5 g5 21. e6 Qh5 22. e7 Nxe7 1/2-1/2

[Event "BRA-ch 90th"]
[Site "Natal"]
[Date "2024.12.15"]
[Round "4"]
[White "Macedo, Maximo Valerio"]
[Black "Cunha, Rodrigo Azalim"]
[Result "1/2-1/2"]
[WhiteElo "1937"]
[BlackElo "1758"]
[PlyCount "104"]
[EventDate "2024.12.13"]
[EventType "swiss"]
[EventRounds "11"]
[EventCountry "BRA"]
[SourceTitle "CB52_2024"]
[SourceDate "2024.12.25"]
[SourceVersion "1"]
[SourceVersionDate "2024.12.25"]
[SourceQuality "1"]

1. Nf3 d5 2. g3 Nf6 3. Bg2 e6 4. 0-0 Be7 5. c4 0-0 6. b3 c6 7. Bb2 b6 8. d4 a5 9. Nbd2 Ba6 10. Ne5 Nfd7 11. Nxd7 Nxd7 12. Rc1 Rc8 13. Re1 Nf6 14. e3 c5 15. cxd5 Nxd5 16. dxc5 Bxc5 17. a3 Qe7 18. e4 Nf6 19. Nc4 Rfd8 20. Qf3 Bxc4 21. Rxc4 Bxa3 22. Rxc8 Rxc8 23. Bxa3 Qxa3 24. Qd1 Qc5 25. e5 Nd5 26. Bxd5 Qxd5 27. Qxd5 exd5 28. Rd1 Rd8 29. Rd4 Kf8 30. Kf1 Ke7 31. Ke2 Ke6 32. f4 b5 33. Rd2 a4 34. bxa4 bxa4 35. Ra2 Ra8 36. Ra3 Kf5 37. Kd3 Kg4 38. Kd4 Ra5 39. Kc3 Kh3 40. Kb4 Ra8 41. Kc5 Kxh2 42. Kxd5 Ra6 43. f5 g6 44. g4 gxf5 45. gxf5 h5 46. e6 fxe6+ 47. fxe6 Kg2 48. e7 Ra8 49. Rxa4 Re8 50. Ke6 Kg3 51. Kf7 Rxe7+ 52. Kxe7 h4 1/2-1/2

[Event "Salvador Nordeste Regional"]
[Site "Salvador"]
[Date "2024.09.08"]
[Round "6"]
[White "Veloso, Henrique Barbosa"]
[Black "Macedo, Maximo Valerio"]
[Result "1-0"]
[WhiteElo "2141"]
[BlackElo "1919"]
[PlyCount "121"]
[EventDate "2024.09.06"]
[EventType "swiss"]
[EventRounds "6"]
[EventCountry "BRA"]
[SourceTitle "EXT 2025"]
[Source "ChessBase"]
[SourceDate "2024.10.14"]
[SourceVersion "1"]
[SourceVersionDate "2024.10.14"]
[SourceQuality "1"]

1. d4 Nf6 2. c4 d6 3. Nc3 e5 4. d5 c5 5. e4 Be7 6. h3 0-0 7. g4 Ne8 8. Nf3 a6 9. Be3 Nd7 10. Qd2 Nc7 11. a4 a5 12. Ne2 Na6 13. Ng3 Re8 14. Be2 Nb4 15. g5 Nb6 16. b3 Bf8 17. h4 g6 18. Nh2 Bg7 19. Bg4 Nd7 20. f3 Qb6 21. h5 Na6 22. hxg6 hxg6 23. Qb2 Nb4 24. Ke2 Qd8 25. Rag1 Kf8 26. Bf5 Ke7 27. Ng4 Rh8 28. Rxh8 Qxh8 29. Rh1 Qg8 30. Bxd7 Bxd7 31. Nf6 Bxf6 32. gxf6+ Kd8 33. Bh6 Kc7 34. Bg7 Qd8 35. Qd2 Rc8 36. f4 Be8 37. fxe5 dxe5 38. Bf8 Kb6 39. Be7 Qd7 40. Qg5 Nc2 41. Kf2 Nd4 42. Qxe5 Qg4 43. Bxc5+ Kxc5 44. d6+ Kc6 45. Qd5+ Kb6 46. Qxd4+ Ka6 47. Rh8 Bc6 48. Rxc8 Qxc8 49. Qe5 Qh3 50. c5 Qh2+ 51. Kf3 Qc2 52. Qe7 Qxb3+ 53. Kf4 Qa2 54. Qd8 Qf2+ 55. Kg4 Qxc5 56. d7 Bxd7+ 57. Qxd7 Qc4 58. Qb5+ Qxb5 59. axb5+ Kxb5 60. e5 a4 61. e6 1-0

[Event "Salvador Nordeste Regional"]
[Site "Salvador"]
[Date "2024.09.07"]
[Round "3"]
[White "Dos Santos, Anderson Guerra"]
[Black "Macedo, Maximo Valerio"]
[Result "0-1"]
[WhiteElo "2038"]
[BlackElo "1919"]
[PlyCount "54"]
[EventDate "2024.09.06"]
[EventType "swiss"]
[EventRounds "6"]
[EventCountry "BRA"]
[SourceTitle "EXT 2025"]
[Source "ChessBase"]
[SourceDate "2024.10.14"]
[SourceVersion "1"]
[SourceVersionDate "2024.10.14"]
[SourceQuality "1"]

1. e4 e5 2. Nf3 Nf6 3. d4 Nxe4 4. dxe5 d5 5. Nbd2 Nc5 6. Nb3 Ne6 7. Nbd4 Nxd4 8. Nxd4 c5 9. Bb5+ Bd7 10. Bxd7+ Qxd7 11. Nf3 Be7 12. Qd3 Nc6 13. Bf4 Nb4 14. Qd2 Qf5 15. 0-0-0 Nxa2+ 16. Kb1 Nb4 17. Ne1 Rd8 18. f3 Qe6 19. Nd3 Nxd3 20. Qxd3 0-0 21. h4 c4 22. Qe3 Qc6 23. Bg5 Bc5 24. Qf4 Rd7 25. Qg3 Kh8 26. f4 f6 27. Qh3 fxg5 0-1

[Event "Salvador Nordeste Regional"]
[Site "Salvador"]
[Date "2024.09.06"]
[Round "2"]
[White "Macedo, Maximo Valerio"]
[Black "Patroclo, Arthur Ruiz"]
[Result "1-0"]
[WhiteElo "1919"]
[BlackElo "2099"]
[PlyCount "62"]
[EventDate "2024.09.06"]
[EventType "swiss"]
[EventRounds "6"]
[EventCountry "BRA"]
[SourceTitle "EXT 2025"]
[Source "ChessBase"]
[SourceDate "2024.10.14"]
[SourceVersion "1"]
[SourceVersionDate "2024.10.14"]
[SourceQuality "1"]

1. Nf3 Nf6 2. g3 d5 3. Bg2 c5 4. 0-0 Nc6 5. d4 e6 6. b3 Be7 7. Bb2 b6 8. c4 Bb7 9. dxc5 bxc5 10. cxd5 exd5 11. Nc3 0-0 12. Na4 Nb4 13. a3 Na6 14. Nh4 Qd7 15. Rc1 Rac8 16. e3 Qe6 17. Nf3 Rfd8 18. Re1 Bc6 19. Nc3 Rb8 20. Qc2 h6 21. Ne2 d4 22. Nexd4 cxd4 23. Nxd4 Rxd4 24. exd4 Qd6 25. Qxc6 Rxb3 26. Qxd6 Bxd6 27. Rc6 Rxb2 28. Rxa6 Bc7 29. Rxa7 Bb6 30. Rb7 Ng4 31. Re8+ Kh7 1-0

[Event "Joao Pessoa de Assis Memorial 3rd"]
[Site "Joao Pessoa"]
[Date "2023.10.20"]
[Round "1"]
[White "Macedo, Maximo Valerio"]
[Black "Santos da Silva, Renata Nataly"]
[Result "1-0"]
[WhiteElo "1814"]
[BlackElo "1438"]
[PlyCount "47"]
[EventDate "2023.10.20"]
[EventType "swiss"]
[EventRounds "6"]
[EventCountry "BRA"]
[SourceTitle "CBM 216 Extra"]
[Source "ChessBase"]
[SourceDate "2023.11.30"]
[SourceVersion "1"]
[SourceVersionDate "2023.11.30"]
[SourceQuality "1"]

1. e4 c6 2. d4 d5 3. f3 dxe4 4. fxe4 Nf6 5. e5 Nd5 6. Nf3 Bg4 7. Bc4 e6 8. 0-0 Be7 9. c3 Nd7 10. Qe1 0-0 11. Nbd2 c5 12. Ne4 Bxf3 13. Rxf3 cxd4 14. cxd4 N5b6 15. Bb3 f6 16. exf6 Bxf6 17. Nxf6+ Rxf6 18. Bg5 Qe7 19. Bxf6 gxf6 20. Qe4 h5 21. Qg6+ Kf8 22. Raf1 f5 23. Rxf5+ exf5 24. Rxf5+ 1-0

[Event "Natal zt 2.4"]
[Site "Natal"]
[Date "2022.10.08"]
[Round "9"]
[White "Macedo, Maximo Valerio"]
[Black "Urquiza, Marcello de Albuque"]
[Result "0-1"]
[WhiteElo "1879"]
[BlackElo "2038"]
[PlyCount "110"]
[EventDate "2022.10.03"]
[EventType "swiss"]
[EventRounds "9"]
[EventCountry "BRA"]
[SourceTitle "EXT 2024"]
[Source "ChessBase"]
[SourceDate "2023.10.10"]
[SourceVersion "1"]
[SourceVersionDate "2023.10.10"]
[SourceQuality "1"]

1. Nf3 Nf6 2. g3 b5 3. Bg2 Bb7 4. 0-0 e6 5. d3 d6 6. e4 Nbd7 7. Nc3 a6 8. Qe2 Be7 9. Bg5 0-0 10. Rae1 c5 11. Bd2 Rc8 12. Nd1 c4 13. Ne3 cxd3 14. cxd3 Qb6 15. Rc1 a5 16. Rxc8 Rxc8 17. Rc1 Rxc1+ 18. Bxc1 Qc7 19. Qc2 Qxc2 20. Nxc2 Nc5 21. Nfe1 b4 22. b3 Ba6 23. Bf1 d5 24. e5 Nfd7 25. f4 Nb8 26. Be3 Kf8 27. Bxc5 Bxc5+ 28. d4 Bb6 29. Bxa6 Nxa6 30. Nf3 f6 31. Kf2 Bd8 32. Ke2 Be7 33. Ne3 f5 34. Kd3 h6 35. h4 Nc7 36. Nd1 Nb5 37. Kc2 Kf7 38. Nf2 Nc3 39. Nh2 Nxa2 40. Nd3 Kg6 41. Nf3 Kf7 42. Nd2 Nc3 43. Nb2 Ke8 44. h5 Kd7 45. Na4 Kc6 46. Nb2 Kb5 47. Nf3 a4 48. bxa4+ Nxa4 49. Nd3 Nc3 50. Nd2 Ne4 51. Nb3 Kc4 52. Ndc5 Nxc5 53. dxc5 Bxc5 54. g4 fxg4 55. f5 Be7 0-1

[Event "Natal zt 2.4"]
[Site "Natal"]
[Date "2022.10.04"]
[Round "3"]
[White "Macedo, Maximo Valerio"]
[Black "Rocha, Vitor Firmo de Souz"]
[Result "0-1"]
[WhiteElo "1879"]
[BlackElo "2173"]
[PlyCount "62"]
[EventDate "2022.10.03"]
[EventType "swiss"]
[EventRounds "9"]
[EventCountry "BRA"]
[SourceTitle "EXT 2024"]
[Source "ChessBase"]
[SourceDate "2023.10.10"]
[SourceVersion "1"]
[SourceVersionDate "2023.10.10"]
[SourceQuality "1"]

1. Nf3 Nf6 2. g3 b5 3. Bg2 Bb7 4. 0-0 e6 5. d3 Be7 6. e4 d6 7. Nbd2 0-0 8. Re1 c5 9. Nf1 Nc6 10. N3d2 Qc7 11. f4 Rac8 12. Ne3 Rfe8 13. g4 d5 14. g5 d4 15. Nef1 Nd7 16. Nf3 c4 17. Re2 a5 18. Ne1 a4 19. Bd2 Nc5 20. Kh1 c3 21. bxc3 dxc3 22. Be3 b4 23. Rf2 Na5 24. Qg4 b3 25. axb3 axb3 26. cxb3 Ncxb3 27. Rb1 Bc5 28. Nc2 Rcd8 29. Bxc5 Nxc5 30. Rf3 Rxd3 31. Rxd3 Nxd3 0-1

[Event "Fortaleza Gadelha Memorial"]
[Site "Fortaleza"]
[Date "2019.08.17"]
[Round "5"]
[White "Gomes, Genildo de Souza"]
[Black "Macedo, Maximo Valerio"]
[Result "1/2-1/2"]
[WhiteElo "1651"]
[BlackElo "1954"]
[PlyCount "82"]
[EventDate "2019.08.15"]
[EventType "swiss"]
[EventRounds "7"]
[EventCountry "BRA"]
[SourceTitle "CBM 191 Extra"]
[Source "ChessBase"]
[SourceDate "2019.09.30"]
[SourceVersion "1"]
[SourceVersionDate "2019.09.30"]
[SourceQuality "1"]

1. d4 Nf6 2. Nf3 e6 3. Nbd2 d5 4. c3 Nbd7 5. Qc2 c5 6. e4 dxe4 7. Nxe4 cxd4 8. Nxd4 Be7 9. Bd3 h6 10. 0-0 0-0 11. h3 a6 12. Be3 Nd5 13. Bd2 Qc7 14. a3 Nf4 15. Bxf4 Qxf4 16. Qb3 Nc5 17. Nxc5 Bxc5 18. Ne2 Qc7 19. Qc2 Bd7 20. b4 Ba7 21. Kh1 Rac8 22. Rac1 Rfd8 23. Nd4 Bxd4 24. cxd4 Qxc2 25. Rxc2 Rxc2 26. Bxc2 Bc6 27. Rd1 Kf8 28. Kg1 e5 29. dxe5 Rc8 30. Bf5 Re8 31. f4 Ke7 32. Kf2 a5 33. Bg4 axb4 34. axb4 Ra8 35. Rd2 Ra4 36. Rb2 Ra3 37. Bf3 Bxf3 38. gxf3 Ke6 39. Kg3 Rd3 40. h4 h5 41. b5 Rd5 1/2-1/2

[Event "Fortaleza Gadelha Memorial"]
[Site "Fortaleza"]
[Date "2019.08.16"]
[Round "2"]
[White "Macedo, Maximo Valerio"]
[Black "Rocha, Vitor Firmo de Souz"]
[Result "0-1"]
[WhiteElo "1954"]
[BlackElo "2155"]
[PlyCount "118"]
[EventDate "2019.08.15"]
[EventType "swiss"]
[EventRounds "7"]
[EventCountry "BRA"]
[SourceTitle "CBM 191 Extra"]
[Source "ChessBase"]
[SourceDate "2019.09.30"]
[SourceVersion "1"]
[SourceVersionDate "2019.09.30"]
[SourceQuality "1"]

1. e4 c5 2. d3 Nc6 3. g3 g6 4. Bg2 Bg7 5. Nd2 Nf6 6. Ne2 0-0 7. 0-0 e6 8. Nb3 b6 9. f4 d5 10. e5 Nd7 11. c4 Ne7 12. d4 Bb7 13. dxc5 Nxc5 14. Nxc5 bxc5 15. Nc3 Rb8 16. cxd5 exd5 17. Qa4 Qb6 18. Qd7 c4+ 19. Kh1 Qe6 20. Qxe6 fxe6 21. Rd1 Nf5 22. Nb5 a6 23. Nd6 Rfe8 24. Nxf5 gxf5 25. Be3 Bf8 26. Bd4 Rec8 27. Rac1 Ba8 28. Rc2 Bc5 29. Kg1 Rb5 30. Kf2 Bxd4+ 31. Rxd4 Rcb8 32. Rdd2 Bc6 33. Ke3 Ra5 34. b3 cxb3 35. axb3 Rxb3+ 36. Kd4 Ra4+ 37. Kc5 Be8 38. Kd6 Rb6+ 39. Ke7 Bf7 40. Kf6 Rb8 41. Rc7 Rf8 42. Rb2 Rc4 43. Rbb7 Rxc7 44. Rxc7 a5 45. Ra7 a4 46. h3 Kh8 47. g4 fxg4 48. hxg4 Be8+ 49. Kg5 h6+ 50. Kxh6 Rxf4 51. Kg5 Rf2 52. Bh3 Rf3 53. Bg2 Rg3 54. Bf1 a3 55. Kf4 Rb3 56. g5 Bg6 57. Be2 Bc2 58. Bg4 Rb4+ 59. Kg3 Ra4 0-1

[Event "Natal Potiguar op 11th"]
[Site "Natal"]
[Date "2019.06.08"]
[Round "3"]
[White "De Oliveira, Moises Alves Leite"]
[Black "Macedo, Maximo Valerio"]
[Result "1-0"]
[WhiteElo "1698"]
[BlackElo "1989"]
[PlyCount "42"]
[EventDate "2019.06.07"]
[EventType "swiss"]
[EventRounds "6"]
[EventCountry "BRA"]
[SourceTitle "EXT 2020"]
[Source "ChessBase"]
[SourceDate "2019.10.17"]
[SourceVersion "1"]
[SourceVersionDate "2019.10.17"]
[SourceQuality "1"]

1. e4 c5 2. Nf3 e6 3. d4 cxd4 4. Nxd4 Nf6 5. f3 Bc5 6. Nb3 Bb4+ 7. Bd2 Be7 8. c4 Nc6 9. Nc3 0-0 10. Be2 d5 11. exd5 exd5 12. cxd5 Nxd5 13. 0-0 Be6 14. Kh1 Rc8 15. Re1 Ndb4 16. Ne4 Ne5 17. Bc3 Ned3 18. Bxd3 Nxd3 19. Re2 Nf4 20. Rd2 Qc7 21. Rc1 Qb6 1-0

[Event "Joao Pessoa Fischer Memorial 10th"]
[Site "Joao Pessoa"]
[Date "2019.03.29"]
[Round "2"]
[White "Macedo, Maximo Valerio"]
[Black "Da Costa, Roberto Rodrigues G"]
[Result "1-0"]
[WhiteElo "1984"]
[BlackElo "1783"]
[PlyCount "59"]
[EventDate "2019.03.29"]
[EventType "swiss"]
[EventRounds "6"]
[EventCountry "BRA"]
[SourceTitle "CBM 190 Extra"]
[Source "ChessBase"]
[SourceDate "2019.07.15"]
[SourceVersion "1"]
[SourceVersionDate "2019.07.15"]
[SourceQuality "1"]

1. Nf3 Nf6 2. g3 g6 3. Bg2 Bg7 4. 0-0 0-0 5. c4 d5 6. cxd5 Nxd5 7. Nc3 c6 8. Qb3 Na6 9. d4 Nxc3 10. bxc3 c5 11. Bf4 cxd4 12. cxd4 Nc7 13. Rfd1 Nd5 14. Bd2 b6 15. Ne5 Bb7 16. Rac1 Qd6 17. Nc4 Qd7 18. e4 Nf6 19. d5 Rfc8 20. Ne5 Qe8 21. Nc4 Nd7 22. Qa3 Nc5 23. Bb4 Qd7 24. Ne3 Na6 25. Bxe7 Rxc1 26. Rxc1 Bb2 27. Qxb2 Qxe7 28. Ng4 Nc5 29. Nh6+ Kf8 30. Qh8# 1-0

[Event "Potiguar-ch final"]
[Site "Natal"]
[Date "2018.12.11"]
[Round "8"]
[White "Macedo, Maximo Valerio"]
[Black "Rocha, Vitor Firmo de Souz"]
[Result "0-1"]
[WhiteElo "2005"]
[BlackElo "2160"]
[PlyCount "57"]
[EventDate "2018.12.06"]
[EventType "tourn"]
[EventRounds "9"]
[EventCountry "BRA"]
[SourceTitle "EXT 2021"]
[Source "ChessBase"]
[SourceDate "2020.10.23"]
[SourceVersion "1"]
[SourceVersionDate "2020.10.23"]
[SourceQuality "1"]

1. Nf3 Nf6 2. g3 b5 3. Bg2 Bb7 4. 0-0 e6 5. d3 c5 6. e4 d6 7. Nbd2 Be7 8. Re1 Nbd7 9. Nf1 Qc7 10. Nh4 0-0 11. f4 Rfe8 12. Nf3 c4 13. Kh1 Rac8 14. Ne3 h6 15. Bd2 Nh7 16. Rb1 Nc5 17. Qe2 a5 18. Nd1 b4 19. Nf2 cxd3 20. cxd3 Ba6 21. Rec1 Qb8 22. Qe3 Na4 23. Nd1 Nf6 24. f5 Rxc1 25. Rxc1 Rc8 26. Bf1 Rxc1 27. Bxc1 Qc7 28. Ne1 Nc5 29. Bd2 0-1

[Event "Potiguar-ch final"]
[Site "Natal"]
[Date "2018.12.10"]
[Round "7"]
[White "Do Nascimento, Davi Alves"]
[Black "Macedo, Maximo Valerio"]
[Result "0-1"]
[WhiteElo "1526"]
[BlackElo "2005"]
[PlyCount "68"]
[EventDate "2018.12.06"]
[EventType "tourn"]
[EventRounds "9"]
[EventCountry "BRA"]
[SourceTitle "EXT 2021"]
[Source "ChessBase"]
[SourceDate "2020.10.23"]
[SourceVersion "1"]
[SourceVersionDate "2020.10.23"]
[SourceQuality "1"]

1. d4 Nf6 2. c4 d6 3. Nc3 e5 4. Nf3 Nbd7 5. e4 Be7 6. Be2 0-0 7. Be3 c6 8. h3 Qc7 9. 0-0 Re8 10. a4 Bf8 11. Nd2 g6 12. f4 exd4 13. Bxd4 Bg7 14. Rb1 a5 15. b4 axb4 16. Rxb4 c5 17. Bxf6 cxb4 18. Nd5 Qc5+ 19. Kh1 Nxf6 20. Nb3 Qc6 21. e5 Nxd5 22. cxd5 Qxa4 23. exd6 Qd7 24. f5 Qxd6 25. fxg6 hxg6 26. Bb5 Bd7 27. Bxd7 Qxd7 28. d6 Re6 29. Nc5 Qxd6 30. Qf3 Re7 31. Nxb7 Qb8 32. Nd6 Ra1 33. Rxa1 Bxa1 34. Qxf7+ Rxf7 0-1